INTRODUCTION TO PSYCHOLOGY : (Record no. 77)

MARC details
000 -LEADER
fixed length control field 00316nam a22001097a 4500
008 - FIXED-LENGTH DATA ELEMENTS--GENERAL INFORMATION
fixed length control field 150819b xxu||||| |||| 00| 0 eng d
020 ## - INTERNATIONAL STANDARD BOOK NUMBER
International Standard Book Number 0829901345
082 ## -
Classification number 150 COO
100 ## - MAIN ENTRY--PERSONAL NAME
Personal name COON, DENIS.
245 ## - TITLE STATEMENT
Title INTRODUCTION TO PSYCHOLOGY :
Remainder of title EXPLORATION AND APPLICATION
260 ## - PUBLICATION, DISTRIBUTION, ETC. (IMPRINT)
Place of publication, distribution, etc. NEW YORK :
Name of publisher, distributor, etc. WEST PUBLISHING COMPANY,
Date of publication, distribution, etc. 1977.
Holdings
Withdrawn status Lost status Source of classification or shelving scheme Damaged status Koha normalized classification for sorting Not for loan Home library Current library Shelving location Date acquired Total Checkouts Full call number Barcode Date last seen Price effective from Koha item type
    Dewey Decimal Classification   150_000000000000000_COO   Dodoma Dodoma Ground Floor 19/08/2015   150 COO 000000002390 29/07/2019 19/08/2015 BOOKS

IRDP © 2021 :: Managed by ICT Team